Electronic devices and circuits (Record no. 167953)

000 -LEADER
fixed length control field 00389nam a2200133Ia 4500
008 - FIXED-LENGTH DATA ELEMENTS--GENERAL INFORMATION
fixed length control field 220217s9999||||xx |||||||||||||| ||und||
020 ## - INTERNATIONAL STANDARD BOOK NUMBER
International Standard Book Number 0-07-463386-4
082 ## - DEWEY DECIMAL CLASSIFICATION NUMBER
Classification number 621.381 5 SAN
100 ## - MAIN ENTRY--PERSONAL NAME
Personal name Salivahanan, S Kumar, Suresh, N & vallavaraj, A
9 (RLIN) 1216
245 #0 - TITLE STATEMENT
Title Electronic devices and circuits
260 ## - PUBLICATION, DISTRIBUTION, ETC.
Place of publication, distribution, etc. Tata mcgraw hill
Name of publisher, distributor, etc. New Delhi
Date of publication, distribution, etc. 2001
300 ## - PHYSICAL DESCRIPTION
Other physical details 0
650 ## - SUBJECT ADDED ENTRY--TOPICAL TERM
Topical term or geographic name entry element CIRCUITRY
Holdings
Withdrawn status Lost status Damaged status Not for loan Collection code Home library Current library Shelving location Date acquired Full call number Barcode Date last seen Price effective from Koha item type
        Electronics and Communication Engineering Central Library Central Library Book Cart 02/18/2022 621.381 5 SAN 3142 02/18/2022 02/18/2022 Books

Powered by Koha